000 00181 a2200097 4500
020 _a9788483433041
041 _aspa
100 _aGil, Carmen
245 _aTeo y Luna
942 _cBK
999 _c14756
_d14756